| 000 | 00495nam a2200169Ia 4500 | ||
|---|---|---|---|
| 003 | OSt | ||
| 005 | 20200125110239.0 | ||
| 008 | 190216s9999||||xx |||||||||||||| ||und|| | ||
| 020 | _a0074600680 | ||
| 040 | _coclc | ||
| 082 |
_a658.404 _bCHO/P |
||
| 100 |
_aChoudhury, S _91534 |
||
| 245 | 0 |
_aProject Management / _cS Choudhury |
|
| 260 |
_bTata Mcgraw Hill Publishing Company Ltd, _c1988. _aNew Delhi: |
||
| 300 | _a244p | ||
| 942 |
_cBK _2ddc _h658.404 _iCHO/P _k658.404 _mCHO/P |
||
| 999 |
_c5858 _d5858 |
||